000 00409nam a2200169Ia 4500
001 9486
003 GE_BSU
008 181216s||||||||xx |||||||||||||| ||und||
040 _cGE_BSU
245 _aФармация. №1 2014
245 _cГл. ред.И.А.Самылина
260 _aМосква
260 _c2014
300 _a56стр.29см.
653 _aФармация. №1 2014
942 _cCR
999 _c42780
_d42780